000 00658nam a2200277Ia 4500
005 20260324145146.0
008 008 260324s9999 xx 000 0 eng d
020 _a9781032693149
037 _aEBOOK
040 _aCRL
040 _beng
040 _cCRL
041 _2eng
041 _aeng
084 _qCRL
100 _aEdgar Graham; Ingrid Floering
_91221968
245 4 _aThe Modern Plantation in the Third World
260 _bTaylor and Francis
260 _c1984
365 _a
365 _b145
856 _uhttp://www.taylorfrancis.com/books/9781032693149
942 _cEBOOK
999 _c1829492
_d1829492